Ryba smrdí od hlavy
Je potrebné venovať väčšiu pozornosť postaveniu logistiky v rámci manažmentu. Správne nastavená logistika má významnú funkciu v konkurencieschopnosti podniku. Čím vyspelejšia je ekonomika krajiny, tým väčší rozsah logistických výkonov sa v nej odohráva. S rastom ekonomiky sa zvyšuje podiel logistick...
Saved in:
| Main Author: | |
|---|---|
| Format: | Book Chapter |
| Language: | Slovak |
| Subjects: | |
| Tags: |
No Tags, Be the first to tag this record!
|
MARC
| LEADER | 00000naa a2200000 4500 | ||
|---|---|---|---|
| 001 | 0228588 | ||
| 005 | 20170320084824.8 | ||
| 041 | 0 | |a slo | |
| 044 | |a SK | ||
| 245 | 1 | 0 | |a Ryba smrdí od hlavy |c Emil Pavlík |
| 520 | |a Je potrebné venovať väčšiu pozornosť postaveniu logistiky v rámci manažmentu. Správne nastavená logistika má významnú funkciu v konkurencieschopnosti podniku. Čím vyspelejšia je ekonomika krajiny, tým väčší rozsah logistických výkonov sa v nej odohráva. S rastom ekonomiky sa zvyšuje podiel logistických nákladov. Moderné ERP systémy. | ||
| 610 | 2 | 0 | |a logistika |
| 610 | 2 | 0 | |a systémy logistické |
| 610 | 2 | 0 | |a manažment |
| 610 | 2 | 0 | |a podnik |
| 100 | 1 | |a Pavlík, Emil | |